| 000 | 01309cam a22003497a 4500 | ||
|---|---|---|---|
| 003 | CHAP | ||
| 005 | 20220329142604.0 | ||
| 008 | 010920d2001 mx r 00110 spa d | ||
| 010 | _a85344 | ||
| 011 | _a86316 | ||
| 035 | _a96854 | ||
| 040 | _cCHAP | ||
| 090 | _aTesis | ||
| 100 | 0 | 0 |
_aFlores García, Nicolás. _941551 |
| 245 | 1 | 0 |
_aInfluencia de algunos factores personales en la adopción de tecnologías agrícolas en dos comunidades del municipio de Jerécuaro, Gto. _c/por Nicolás Flores García |
| 260 |
_aChapingo, Méx. : _bEl autor, _c1993. |
||
| 300 | _a64 h. | ||
| 502 | _aTesis (Ing. Agr. Esp. en Zootecnia) -- UACH. Departamento de Zootecnia | ||
| 590 |
_aALEPH _b10 _c20130110 _lUCH01 _h1446 |
||
| 590 |
_aBATCH-UPD _b10 _c20130110 _lUCH01 _h0531 |
||
| 590 |
_aBATCH-UPD _b10 _c20130410 _lUCH01 _h0210 |
||
| 590 |
_aBATCH-UPD _b10 _c20130914 _lUCH01 _h1418 |
||
| 590 |
_aCONVERSION _b10 _c20130109 _lUCH01 _h1347 |
||
| 650 | 1 | 4 |
_aAgricultura _xInnovaciones tecnológicas. _91565 |
| 650 | 1 | 4 |
_aMaíz _xGuanajuato. _970969 |
| 650 | 1 | 4 |
_aTecnología _xEstudio y enseñanza _zGuanajuato. _9111949 |
| 901 | _aBK | ||
| 905 | _aAlejandra Carrasco M. | ||
| 942 | _cTESIS | ||
| 949 |
_aTesis _bBC _cTES _d33724000863189 _eTS1 _fc.2 _h39307 _i96854 _sb |
||
| 949 |
_aTesis _bBC _cTES _d968541 _eTS1 _h39306 _i96854 _sb |
||
| 999 |
_c85344 _d85344 |
||